Flags with trees on - Statistics

General Stats
  • This quiz has been taken 1,760 times
  • The average score is 4 of 9
Answer Stats
Picture Answer % Correct
lebanon
100%
Haiti
77%
Belize
73%
Equatorial Guinea
61%
Norfolk Island
29%
Cascadia
15%
Madrid
14%
Prince Edward Island
14%
New England
9%
No matching quizzes found
Score Distribution
Percent of People with Each Score
Percentile by Number Answered
Your Score History
You have not taken this quiz